| 000 | 00842nam a2200205 a 4500 | ||
|---|---|---|---|
| 005 | 20160225132048.0 | ||
| 008 | 140317s1997 ck ao fr|||| 000 0 spa d | ||
| 040 |
_aCO-BoIAVH _cCO-BoIAVH |
||
| 041 | 0 | _aspa | |
| 044 | _ack | ||
| 082 | 0 | 4 |
_a333.783092 _bU58p |
| 110 | 2 | _bUnidad Administrativa Especial del Sistema de Parques Nacionales Naturales | |
| 245 | 1 | 0 |
_aParques nacionales naturales : _bPublicación de la dirección regional surocciente de la Unidad Administrativa Especial del Sistema de Parques Nacionales Naturales |
| 260 |
_aCali : _bUAESPNN : _bMinisterio del Medio Ambiente , _c1997. |
||
| 300 |
_a28 páginas : _bIlustraciones, fotografías ; _c28 x 22 cm. |
||
| 650 | 1 | 6 | _aParques nacionales naturales |
| 662 | _aColombia | ||
| 710 | 2 |
_aColombia. _b Ministerio del Medio Ambiente |
|
| 942 |
_cLIBRO _2ddc |
||
| 999 |
_c4888 _d4888 |
||